000 03189cam a2201213 4500
003 PE-LiUPU
005 20250813185605.0
020 _a8471336812
035 _a(Sirsi) i9788471336811
035 _a(Sirsi) 45554
035 _a(Sirsi) 45554
041 _aes
044 _aes
082 0 4 _a373.19
_bC9
245 0 3 _aLa cultura científica, un reto educativo :
_bevaluación del currículo e innovación de la enseñanza de las ciencias experimentales en la secundaria obligatoria /
_cMaría J. Sáez Brezmes coord.
264 1 _aMadrid :
_bLa Muralla,
_c1998
300 _a284 páginas ;
_c22 cm.
490 0 _aAula Abierta
504 _aIncluye bibliografía
505 0 _aEl proyecto de la OCDE sobre las innovaciones en la enseñanza de las ciencias, las matemáticas y la tecnología -- Algunos descubrimientos generales del estudio de la OCDE -- Formas de conocer -- El papel de los profesores -- El proceso del ca
526 _aP202
526 _aP201
526 _aP163
526 _aP162
526 _aP161
526 _aP160
526 _aP148
526 _aP147
526 _aP146
526 _aP145
526 _aP144
526 _aP143
526 _aP142
526 _aP141
526 _aP140
526 _aP139
526 _aP138
526 _aP137
526 _aP136
526 _aP135
526 _aP134
526 _aP133
526 _aP129
526 _aP128
526 _aP127
526 _aP120
526 _aP119
526 _aP118
526 _aP116
526 _aP115
526 _aP114
526 _aP110
526 _aP109
526 _aP108
526 _aP104
526 _aP103
526 _aP102
526 _aP99
526 _aP98
526 _aP97
526 _aP96
526 _aP95
526 _aP93
526 _aP90
526 _aP89
526 _aP88
526 _aP83
526 _aP82
526 _aP62
526 _aP59
526 _aP58
526 _aP57
526 _aP51
526 _aP49
526 _aP48
526 _aP47
526 _aP29
526 _aP24
526 _aP20
526 _aP19
526 _aP17
526 _aP15
526 _aP14
526 _aP12
526 _aP10
526 _aP09
526 _aP08
526 _aP07
526 _aP06
526 _aP05
526 _aP04
526 _aP01
650 1 4 _aCiencia
_xEstudio y enseñanza (Secundaria)
_vInnovaciones.
650 1 4 _aCiencia
_xEstudio y enseñanza (Secundaria)
_xCurricula
_vEvaluacion.
700 1 _aSáez Brezmes, María J.
_ecoord.
942 _2ddc
_cBOOK
949 _a373.19 C9
_i63110
_lCCODEBUL1
_mBUL
_tLIBRO
_o.STAFF. Colección General
859 _q63110
_h373.19
_iC9
910 _agl
_bjck
_c
_d20110616
596 _a1
999 _aPGE 373.19 C9
_wDEWEY
_c52124
_i63110
_f2021-11-8
_g5
_lCCODEBUL1
_mBUL
_p31.00
_r0
_sN
_tBOOK
_u2015-7-6
_xEDUCACION
_PP57
_0COMPRA
_o.CIRCNOTE. No olvidar cambiar la fecha de devolución!!!!!!!
_o.STAFF. Colección General
_d52124
980 _81
_gALBERTO SANCHEZ Responsable de Automatización